Statistics for Capital Cities by Flags

Click here to take the quiz!

General Stats

  • This quiz has been taken 18 times
  • The average score is 14 of 20

Answer Stats

Answer% Correct
Canberra
100%
Paris
100%
Abuja
93%
Dublin
87%
Moscow
87%
Tokyo
87%
Kuala Lumpur
80%
Panama City
80%
Amsterdam
73%
Washington D.C.
73%
Jerusalem
67%
Madrid
60%
Ottawa
60%
Tehran
60%
Brasília
53%
Jakarta
47%
Kyiv
47%
London
47%
Cape Town
40%
Bogotá
27%

Score Distribution

Percentile by Number Answered

Percent of People with Each Score

Your Score History

You have not taken this quiz